000 01052cam a2200301 a 4500
001 17286127
005 20170105102847.0
008 120504s2013 nyu b 001 0 eng
010 _a 2012018002
020 _a9780307377395 (hbk.)
040 _aDLC
_cDLC
_dDLC
042 _apcc
043 _af-ua---
050 0 0 _aHQ18.E3
_bE42 2013
082 0 0 _a306.7096 FEK 2013
_223
100 1 _aEl-Feki, Shereen.
245 1 0 _aSex and the Citadel :
_bintimate life in a changing Arab world /
_cShereen El Feki.
260 _aNew York :
_bPantheon Books,
_cc2013.
300 _axxi, 345 p. ;
_c25 cm.
504 _aIncludes bibliographical references (p. [317]-332) and index.
650 0 _aSex
_zEgypt.
650 0 _aWomen
_xSexual behavior
_zEgypt.
650 0 _aEgyptians
_zSexual behavior.
651 0 _aEgypt
_xSocial conditions
_y21st century.
906 _a7
_bcbc
_corignew
_d1
_eecip
_f20
_gy-gencatlg
942 _2ddc
_cBK
999 _c14104
_d14104